000 01093nas a2200349 4500
001 BR2017000851
003 BR-BrBNA
005 20231205130856.0
007 ta
008 230509b bl.|||p| |||| 00| 00por d
040 _aBR-BrBNA
_bpor
_cBiblioteca Nacional de Agricultura
041 _a(Pt)
072 _aF04
100 1 _aFerrari, M.
100 1 _aCantarelli, E.B.
100 1 _aSouza, V.Q. de
100 1 _aNardino, M.
100 1 _aCarvalho, I.R.
100 1 _aPelegrin, A.J. de
100 1 _aSzareski, V.J.
100 1 _aPelissari, G.
245 1 _aInfluência de fertilizante de liberação controlada em mudas de Tabernaemontana catharinensis
650 _aESPÉCIE NATIVA
650 _aMUDA
650 _aCRESCIMENTO
650 _aADUBAÇÃO
650 _aABSORÇÃO DE NUTRIENTES
773 0 _tPesquisa Florestal Brasileira (Brazil)
_xISSN 1983-2605
_g(Oct-Dec 2016), v. 36(88) p. 543-547
_wBR2017000851
856 4 0 _uhttp://pfb.cnpf.embrapa.br/pfb/index.php/pfb/article/view/968/548
909 _a202311
_bLúcia
_c55
_dLúcia Elande
942 _2AGRIS
_n0
_cANA
999 _c251795
_d251795